00570nam a2200205Ia 450000500170000000800460001703700110006304000080007404000080008204000080009004100080009804100080010608400080011410000550012224500750017726000090025230000090026165000120027070000820028220260430150016.0008 250103s9999 xx 000 0 eng d aTheses aCRL beng ceng 2eng aeng qCRL aSingh Gurvinder Au.; Choudhary Brajesh Chandra Gu. 0aAspects of primordial nucleosynthesis in a linerarly coasting universe c2021 a55p. aPhysics aUniversity of Delhi. Faculty of Science. Department of Physics & Astrophysics